<?xml version="1.0" encoding="UTF-8"?>
<record
    xmlns:xsi="http://www.w3.org/2001/XMLSchema-instance"
    xsi:schemaLocation="http://www.loc.gov/MARC21/slim http://www.loc.gov/standards/marcxml/schema/MARC21slim.xsd"
    xmlns="http://www.loc.gov/MARC21/slim">

  <leader>00841nam a2200253 i 4500</leader>
  <controlfield tag="001">C2-0256186</controlfield>
  <controlfield tag="003">PPAK</controlfield>
  <controlfield tag="005">20180727223644.0</controlfield>
  <controlfield tag="008">040705s2004    nyu |||| |||||  |   eng d</controlfield>
  <datafield tag="020" ind1=" " ind2=" ">
    <subfield code="a">0071422986</subfield>
  </datafield>
  <datafield tag="040" ind1=" " ind2=" ">
    <subfield code="a">PPAK</subfield>
    <subfield code="b">eng</subfield>
    <subfield code="c">PPAK</subfield>
    <subfield code="e">rda</subfield>
  </datafield>
  <datafield tag="082" ind1="0" ind2="4">
    <subfield code="a">616.85260092</subfield>
    <subfield code="2">23</subfield>
  </datafield>
  <datafield tag="090" ind1="0" ind2="0">
    <subfield code="a">616.85260092</subfield>
    <subfield code="b">SCH</subfield>
    <subfield code="d">G</subfield>
  </datafield>
  <datafield tag="100" ind1="1" ind2=" ">
    <subfield code="a">Schaefer, Jenni, </subfield>
    <subfield code="e">author</subfield>
  </datafield>
  <datafield tag="245" ind1="1" ind2="0">
    <subfield code="a">Life without Ed : </subfield>
    <subfield code="b">how one woman declared independence from her eating disorder and how you can too</subfield>
  </datafield>
  <datafield tag="264" ind1=" " ind2="1">
    <subfield code="a">New York : </subfield>
    <subfield code="b">McGraw-Hill , </subfield>
    <subfield code="c">2004</subfield>
  </datafield>
  <datafield tag="300" ind1=" " ind2=" ">
    <subfield code="a">xxix, 188 pages ; </subfield>
    <subfield code="c">21 cm</subfield>
  </datafield>
  <datafield tag="336" ind1=" " ind2=" ">
    <subfield code="2">rdacontent</subfield>
    <subfield code="a">text</subfield>
  </datafield>
  <datafield tag="337" ind1=" " ind2=" ">
    <subfield code="2">rdamedia</subfield>
    <subfield code="a">unmediated</subfield>
  </datafield>
  <datafield tag="338" ind1=" " ind2=" ">
    <subfield code="2">rdacarrier</subfield>
    <subfield code="a">volume</subfield>
  </datafield>
  <datafield tag="650" ind1="1" ind2="0">
    <subfield code="a">Schaefer, Jenni - Health ; Eating disorders - Patients - Biography ; Eating disorders - Treatment - Case studies</subfield>
  </datafield>
  <datafield tag="700" ind1=" " ind2=" ">
    <subfield code="e">author</subfield>
  </datafield>
  <datafield tag="942" ind1=" " ind2=" ">
    <subfield code="d">dc</subfield>
    <subfield code="c">B</subfield>
  </datafield>
  <datafield tag="999" ind1=" " ind2=" ">
    <subfield code="c">68420</subfield>
    <subfield code="d">68420</subfield>
  </datafield>
  <datafield tag="952" ind1=" " ind2=" ">
    <subfield code="0">0</subfield>
    <subfield code="7">0</subfield>
    <subfield code="b">PPAK</subfield>
    <subfield code="c">G</subfield>
    <subfield code="d">2004-07-20</subfield>
    <subfield code="o">616.85260092 SCH</subfield>
    <subfield code="p">A01066531</subfield>
    <subfield code="r">2018-05-08 00:00:00</subfield>
    <subfield code="y">B</subfield>
  </datafield>
  <datafield tag="952" ind1=" " ind2=" ">
    <subfield code="0">0</subfield>
    <subfield code="7">0</subfield>
    <subfield code="b">SP</subfield>
    <subfield code="c">G</subfield>
    <subfield code="d">2004-07-20</subfield>
    <subfield code="l">2</subfield>
    <subfield code="o">616.85260092 SCH</subfield>
    <subfield code="p">A01066532</subfield>
    <subfield code="r">2022-11-13 00:00:00</subfield>
    <subfield code="s">2022-10-23</subfield>
    <subfield code="y">B</subfield>
  </datafield>
  <datafield tag="952" ind1=" " ind2=" ">
    <subfield code="0">0</subfield>
    <subfield code="7">0</subfield>
    <subfield code="b">KM</subfield>
    <subfield code="c">G</subfield>
    <subfield code="d">2004-07-20</subfield>
    <subfield code="o">616.85260092 SCH</subfield>
    <subfield code="p">A01066533</subfield>
    <subfield code="r">2018-05-08 00:00:00</subfield>
    <subfield code="y">B</subfield>
  </datafield>
  <datafield tag="952" ind1=" " ind2=" ">
    <subfield code="0">0</subfield>
    <subfield code="7">0</subfield>
    <subfield code="b">BL</subfield>
    <subfield code="c">G</subfield>
    <subfield code="d">2004-07-20</subfield>
    <subfield code="l">1</subfield>
    <subfield code="o">616.85260092 SCH</subfield>
    <subfield code="p">A01066534</subfield>
    <subfield code="r">2024-01-07 11:32:35</subfield>
    <subfield code="s">2023-12-24</subfield>
    <subfield code="y">B</subfield>
  </datafield>
</record>
